Malaysian labour laws made simple
| Main Author: | |
|---|---|
| Format: | Book |
| Published: |
Kelana Jaya, Selangor :
Pelanduk Pub. ,
1999
|
| Subjects: |
MARC
| LEADER | 00000cam a2200000 7i4500 | ||
|---|---|---|---|
| 001 | 0000001069 | ||
| 005 | 20131215.0 | ||
| 020 | 0 | 0 | |
| 090 | 0 | 0 | |a 344.59501 |b RAJ 1999 |
| 100 | 1 | 0 | |a RAJKUMAR |h K. |
| 245 | 1 | 0 | |a Malaysian labour laws made simple |c K. Rajkumar |
| 260 | 0 | 0 | |a Kelana Jaya, Selangor : |b Pelanduk Pub. , |c 1999 |
| 300 | |a 179 p. ; |c 22 cm. | ||
| 500 | 0 | 0 | |a Includes index |
| 650 | 0 | 0 | |a Labour laws and legislation |z Malaysia |
| 998 | |a JPSM | ||
| 999 | |a 0000002008 |b Monograph |c Open Shelf |e Default branch | ||